<?xml version="1.0" encoding="UTF-8"?>
<record
    xmlns:xsi="http://www.w3.org/2001/XMLSchema-instance"
    xsi:schemaLocation="http://www.loc.gov/MARC21/slim http://www.loc.gov/standards/marcxml/schema/MARC21slim.xsd"
    xmlns="http://www.loc.gov/MARC21/slim">

  <leader>00866cam a2200241 a 4500</leader>
  <controlfield tag="001">unk83049760 </controlfield>
  <controlfield tag="003">DLC</controlfield>
  <controlfield tag="005">20260227112800.0</controlfield>
  <controlfield tag="008">830823s1960    ii            001 0 sano </controlfield>
  <datafield tag="010" ind1=" " ind2=" ">
    <subfield code="a">unk83049760 </subfield>
  </datafield>
  <datafield tag="040" ind1=" " ind2=" ">
    <subfield code="a">DLC</subfield>
    <subfield code="c">DLC</subfield>
  </datafield>
  <datafield tag="050" ind1="0" ind2="0">
    <subfield code="a">PK3799.D82</subfield>
    <subfield code="b">D3 1960</subfield>
  </datafield>
  <datafield tag="100" ind1="1" ind2=" ">
    <subfield code="a">Dvived&#x12B;, Durg&#x101;pras&#x101;da,</subfield>
    <subfield code="d">1864-1938.</subfield>
  </datafield>
  <datafield tag="240" ind1="1" ind2="0">
    <subfield code="a">Da&#x15B;aka&#x1E47;&#x1E6D;havadha</subfield>
  </datafield>
  <datafield tag="245" ind1="1" ind2="0">
    <subfield code="a">Da&#x15B;aka&#x1E47;&#x1E6D;havadham n&#x101;ma R&#x101;macaritam :</subfield>
    <subfield code="b">svopaj&#xF1;as&#x101;dhu&#x15B;uddhi&#x1E6D;&#x12B;k&#x101;samanvitam /</subfield>
    <subfield code="c">Durg&#x101;pras&#x101;dadvivedaviracitam ; samp&#x101;daka Ga&#x1E45;g&#x101;dhara Dvived&#x12B;.</subfield>
  </datafield>
  <datafield tag="246" ind1="3" ind2="0">
    <subfield code="a">Da&#x15B;aka&#x1E47;&#x1E6D;havadham</subfield>
  </datafield>
  <datafield tag="260" ind1=" " ind2=" ">
    <subfield code="a">Jodhapura :</subfield>
    <subfield code="b">R&#x101;jasth&#x101;na  Pr&#x101;cyavidy&#x101; Pratishth&#x101;na,</subfield>
    <subfield code="c">1960.</subfield>
  </datafield>
  <datafield tag="300" ind1=" " ind2=" ">
    <subfield code="a">3, 156, 8 p. ;</subfield>
    <subfield code="c">26 cm.</subfield>
  </datafield>
  <datafield tag="440" ind1=" " ind2="0">
    <subfield code="a">R&#x101;jasth&#x101;na pur&#x101;tana grantham&#x101;l&#x101; ;</subfield>
    <subfield code="v">granth&#x101;&#x1E45;ka 23</subfield>
  </datafield>
  <datafield tag="546" ind1=" " ind2=" ">
    <subfield code="a">In Sanskrit.</subfield>
  </datafield>
  <datafield tag="500" ind1=" " ind2=" ">
    <subfield code="a">Includes index.</subfield>
  </datafield>
  <datafield tag="650" ind1=" " ind2="0">
    <subfield code="a">R&#x101;ma (Hindu deity)</subfield>
    <subfield code="v">Poetry.</subfield>
  </datafield>
  <datafield tag="999" ind1=" " ind2=" ">
    <subfield code="c">91459</subfield>
    <subfield code="d">91459</subfield>
  </datafield>
</record>
